[Event "ch-CUB"]
[Site "Santa Clara CUB"]
[Date "2008.01.11"]
[Round "4"]
[White "Gonzalez Vidal,Y"]
[Black "Martinez,Lel"]
[Result "0-1"]
[WhiteElo "2487"]
[BlackElo "2445"]

1.d4 d5 2.c4 c6 3.Nc3 Nf6 4.Nf3 a6 5.c5 Nbd7 6.Bf4 g6 7.e3 Bg7 8.h3 Ne4 9.Nxe4 dxe4
10.Ng5 Qa5+ 11.Qd2 Qxd2+ 12.Kxd2 e5 13.dxe5 Nxc5 14.Rc1 Bf8 15.Bc4 Be6 16.Bxe6 fxe6
17.Rc4 O-O-O+ 18.Ke2 Rd5 19.Nxe4 b5 20.Rxc5 Bxc5 21.Rc1 Be7 22.Rxc6+ Kd7
23.Rxa6 Rc8 24.Ra7+ Kd8 25.Ng5 Rc2+ 26.Kf3 Bxg5 27.Bxg5+ Kc8 28.Bf6 Rdd2
29.Bh4 g5 30.Bg3 h5 31.h4 Rd7 32.Ra8+ Kb7 33.Rf8 g4+ 34.Kf4 Rxb2 35.a3 Ra2
36.Re8 Rxa3 37.Rxe6 b4 38.Re8 Rc7 39.e6 Rc8 40.Re7+ Kc6 41.Ke4 b3 42.Be5 Ra4+
43.Kd3 Kd5 44.Bb2 Ra2 45.Bd4 Rb8 46.Rh7 b2 47.Rxh5+ Kxe6 48.Re5+ Kd6 49.Bxb2 Rbxb2
50.Rg5 Rxf2 51.g3 Ra3+ 52.Ke4 Ra4+ 53.Kd3 Rf3 54.h5 Rxg3  0-1

[Event "6th Parsvnath Open"]
[Site "New Delhi IND"]
[Date "2008.01.15"]
[Round "4"]
[White "Khailaev,M"]
[Black "Batyrov,S"]
[Result "0-1"]
[WhiteElo "2288"]
[BlackElo "2471"]

1.d4 d5 2.c4 c6 3.Nc3 Nf6 4.Nf3 a6 5.e3 g6 6.Be2 Bg7 7.O-O O-O 8.c5 Bg4 9.Ne5 Bxe2
10.Qxe2 Nfd7 11.Nd3 e5 12.dxe5 Nxe5 13.e4 d4 14.Na4 Nbd7 15.Bf4 Nxd3 16.Qxd3 Qh4
17.g3 Qh3 18.f3 Rfe8 19.b4 Re6 20.Nb2 a5 21.a3 g5 22.Bxg5 Ne5 23.Qe2 d3 24.Qe3 h6
25.Bf4 Rd8 26.Qd2 f5 27.Rae1 fxe4 28.fxe4 Ng4 29.Nc4 Bc3 30.Qg2 Qxg2+ 31.Kxg2 Bxe1
32.Rxe1 axb4 33.axb4 Rd4 34.Nb2 d2 35.Rd1 Rexe4  0-1

[Event "6th Parsvnath Open"]
[Site "New Delhi IND"]
[Date "2008.01.15"]
[Round "5"]
[White "Mehar,C"]
[Black "Himanshu,Sh"]
[Result "1/2-1/2"]
[WhiteElo "2199"]
[BlackElo "2398"]

1.d4 d5 2.Nf3 Nf6 3.c4 c6 4.Nc3 a6 5.c5 Nbd7 6.Bf4 Nh5 7.Bd2 Nhf6 8.Bf4 Nh5
9.Bd2 g6 10.e4 dxe4 11.Nxe4 Ndf6 12.Nxf6+ Nxf6 13.Bc4 Bg7 14.O-O O-O 15.h3 Bf5
16.Re1 Be4 17.Bg5 Bxf3 18.Qxf3 Qxd4 19.Rxe7 Qxc5 20.Bxf6 Qxc4 21.Rxb7 Qd5
22.Qxd5 cxd5 23.Bxg7 Kxg7 24.Rd1 Rfd8 25.Re1 Rdb8 26.Ree7 Rxb7 27.Rxb7 Rc8
28.Rb6 Rc1+ 29.Kh2 Rc2 30.Kg3 d4 31.Rxa6 Rxb2 32.Rd6 Rb4 33.Kf3 Ra4 34.h4 h5
35.g3 Kf8 36.Ke4 Rxa2 37.f3 Re2+ 38.Kf4 Rd2 39.Ke4 Rg2 40.Kf4 Rd2 41.Ke4  1/2-1/2

[Event "6th Parsvnath Open"]
[Site "New Delhi IND"]
[Date "2008.01.15"]
[Round "5"]
[White "Roktim,B"]
[Black "Ashwin,J"]
[Result "1/2-1/2"]
[WhiteElo "2373"]
[BlackElo "2478"]

1.Nf3 Nf6 2.c4 c6 3.d4 d5 4.Nc3 a6 5.c5 Bf5 6.Qb3 Qc8 7.h3 Nbd7 8.Bf4 e6
9.e3 Be7 10.Be2 Bd8 11.O-O h6 12.Ne5 Bc7 13.Nxd7 Nxd7 14.Na4 O-O 15.Nb6 Nxb6
16.cxb6 Bxf4 17.exf4 Qb8 18.g3 Bxh3 19.Rfe1 Bf5 20.a4 Qd8 21.a5 g5 22.Qe3 Qf6
23.fxg5 hxg5 24.f4 g4 25.Bf1 Kg7 26.Bg2 Rh8 27.Kf2 Rh2 28.Rh1 Rah8 29.Rxh2 Rxh2
30.Rh1 Rxg2+ 31.Kxg2 Be4+ 32.Kg1 Bxh1 33.Kxh1 Qf5 34.Qc3 Qe4+ 35.Kg1 Kf6
36.Kf2 Kf5 37.b4 Kg6 38.Kg1 Qf3 39.Qxf3 gxf3 40.Kf2 Kh5 41.Kxf3 f6 42.Kf2 Kg4
43.Kg2 e5 44.fxe5 fxe5 45.dxe5 Kf5 46.Kf3 Kxe5 47.Ke3 Kf5 48.Kf3 Ke5 49.Ke3 Ke6
50.Kf4 Kf6 51.g4 Kg6 52.g5 Kf7 53.Kf5 Kg7 54.Ke5 Kg6 55.Kf4 d4 56.Ke4 Kxg5
57.Kxd4 Kf4 58.Kc5 Ke5 59.Kc4 Ke6 60.Kc5 Ke5 61.Kc4 Ke4  1/2-1/2

[Event "ch-VEN"]
[Site "San Felipe VEN"]
[Date "2008.01.16"]
[Round "6"]
[White "Ordonez,F"]
[Black "Prasca,R"]
[Result "1/2-1/2"]
[WhiteElo "2277"]
[BlackElo "2386"]

1.d4 d5 2.c4 c6 3.Nf3 Nf6 4.Nc3 a6 5.c5 Bf5 6.Bf4 Nbd7 7.h3 h6 8.e3 e6 9.Be2 Be7
10.O-O O-O 11.Qb3  1/2-1/2

[Event "6th Parsvnath Open"]
[Site "New Delhi IND"]
[Date "2008.01.17"]
[Round "7"]
[White "Kulkarni,R"]
[Black "Swathi,G"]
[Result "1/2-1/2"]
[WhiteElo "2133"]
[BlackElo "2337"]

1.d4 d5 2.c4 c6 3.Nf3 Nf6 4.Nc3 a6 5.e3 e6 6.b3 c5 7.Bb2 Nc6 8.Rc1 cxd4 9.exd4 g6
10.Be2 Bg7 11.Ne5 O-O 12.cxd5 Nxe5 13.dxe5 Nxd5 14.Nxd5 exd5 15.O-O Be6 16.Bf3 Qe7
17.Qe2 Rfd8 18.Rfd1 Rd7 19.Rd3 Rad8 20.Rcd1 Qc5 21.Bd4 Qc7 22.g4 Re8 23.Bg2 Qc8
24.f4 Rc7 25.Rg3 Rc2 26.Qf3 Bd7 27.Re1 Bf8 28.h3 Rd2 29.Rd1 Qc2 30.Rxd2 Qxd2
31.Qc3 Qxf4 32.Bxd5 Bb4 33.Bxf7+ Qxf7 34.Qxb4 Bc6 35.Re3 Bd5 36.Qd6 Rf8 37.Qf6 Qc7
38.Rc3 Qxc3 39.Qxf8+ Kxf8 40.Bxc3 Ke7 41.Kf2 Ke6 42.Kg3 Be4  1/2-1/2

[Event "ch-VEN"]
[Site "San Felipe VEN"]
[Date "2008.01.17"]
[Round "8"]
[White "Alvarez,Joh"]
[Black "Prasca,R"]
[Result "1/2-1/2"]
[WhiteElo "2385"]
[BlackElo "2386"]

1.d4 d5 2.c4 c6 3.Nf3 Nf6 4.Nc3 a6 5.c5 Bf5 6.Bf4 Nbd7 7.e3 e6 8.Nd2 Be7
9.Be2 h6 10.O-O O-O 11.b4 Re8 12.Re1 Bf8 13.Bf1 e5 14.dxe5 Nxe5 15.Na4 Ned7
16.Nb3 g5 17.Bg3 Ne4 18.Nd4 Bh7 19.Rc1 Nxg3 20.hxg3 Bg7 21.Bd3 Bxd4 22.Bxh7+ Kxh7
23.Qd3+ Kg8 24.exd4 Qf6 25.Nc3 Nf8 26.a4 Ne6 27.Rcd1 Ng7 28.b5 Rxe1+ 29.Rxe1 axb5
30.axb5 Ne6 31.Rd1 Ra3 32.Nxd5 Qxd4 33.Qxd4 Nxd4 34.Rxd4 Ra1+ 35.Kh2 cxd5
36.g4 Rb1 37.b6 Kf8 38.Rxd5 Ke7 39.g3 Rc1 40.Kg2 Rc3 41.Kf1 Rc2 42.Ke1 f6
43.f3 Ra2 44.Kd1 Rb2 45.Kc1 Rb5 46.Kd2 Ke6 47.Rf5 Rb2+ 48.Kc3 Rb1 49.Kc2 Rb4
50.f4 Rc4+ 51.Kd3 Rc1 52.Kd2 Rc4 53.Kd3 Rc1 54.Kd2 Rc4  1/2-1/2

[Event "Open"]
[Site "Marianske Lazne CZE"]
[Date "2008.01.19"]
[Round "1"]
[White "Volodin,V"]
[Black "Zdrazil,B"]
[Result "1-0"]
[WhiteElo "2233"]
[BlackElo "1928"]

1.Nf3 d5 2.d4 Nf6 3.c4 c6 4.Nc3 a6 5.a4 Bg4 6.Ne5 Nbd7 7.Nxg4 Nxg4 8.cxd5 cxd5
9.Nxd5 e6 10.Nc3 Bb4 11.e3 Ndf6 12.Bd2 O-O 13.Be2 e5 14.dxe5 Nxe5 15.O-O Qb6
16.Qb3 Rad8 17.Rfd1 Qa5 18.Ne4  1-0

[Event "6th Parsvnath Open"]
[Site "New Delhi IND"]
[Date "2008.01.19"]
[Round "9"]
[White "Lalith,B"]
[Black "Himanshu,Sh"]
[Result "0-1"]
[WhiteElo "2299"]
[BlackElo "2398"]

1.Nf3 Nf6 2.c4 c6 3.Nc3 d5 4.d4 a6 5.c5 Bf5 6.Bf4 Nbd7 7.e3 e6 8.Nd2 Be7
9.Be2 h6 10.Rc1 O-O 11.O-O Re8 12.b4 Qc8 13.Nb3 Bd8 14.Bg3 e5 15.dxe5 Nxe5
16.Nd4 Bg4 17.Bxg4 Nfxg4 18.e4 Nf6 19.exd5 Nxd5 20.Nxd5 cxd5 21.Qh5 Bf6 22.Rfd1 Qd7
23.Ne2 Rad8 24.Nc3 Qe6 25.h3 Kh7 26.Qe2 Nc6 27.Qd3+ Kh8 28.a3 d4 29.Nb1 Bg5
30.Rc2 f5 31.Bd6 Qe4 32.Qb3 Bf4 33.Nd2 Qe2 34.Ra2 Bxd6 35.cxd6 Rxd6 36.Nf3 Qe6
37.Qb1 Qe4 38.Qa1 Red8 39.Rad2 Rg6 40.Kh1 d3 41.Re1 Qc4 42.Rc1 Qf4 43.Rcd1 Qc4
44.Rc1 Qd5 45.Rcd1 Qb5 46.Rc1 Rd5 47.Re1 Kh7 48.Qa2 Rgd6 49.Rb1 Ne5 50.Ne1 f4
51.Qb3 f3 52.g3 Qd7 53.Kh2 b5 54.Rdd1 Qf5 55.Qc3 Qh5 56.h4 Rd4 57.Kh3 Ng6
58.Kh2 Ne5 59.Kg1 Qf5 60.Rb2 Qh3 61.Rbd2 Re4  0-1

[Event "GMA1"]
[Site "Marianske Lazne CZE"]
[Date "2008.01.23"]
[Round "6"]
[White "Thorfinnsson,Br"]
[Black "Vavrak,P"]
[Result "1/2-1/2"]
[WhiteElo "2406"]
[BlackElo "2472"]

1.d4 d5 2.c4 c6 3.Nf3 Nf6 4.Nc3 a6 5.c5 g6 6.Bf4 Nh5 7.Bg5 Bg7 8.h3 Nd7 9.e4 dxe4
10.Nxe4 Ndf6 11.Nc3 Nd5 12.Bc4 Nhf4 13.Qc1 Be6 14.Nxd5 Nxd5 15.O-O h6 16.Bd2 Nc7
17.Re1 Bxc4 18.Qxc4 O-O 19.Bf4 Nd5 20.Bg3 Qd7 21.Re2 Rad8 22.Rae1 Rfe8 23.Qb3 Qc8
24.Be5 Bxe5 25.Nxe5 Kg7 26.Re4 f6 27.Nc4 Qd7 28.Qg3 Kf7 29.Qf3 Kg7 30.Qe2 Kf7
31.Qd2 Kg7 32.Qc2 Kf7 33.Rh4 Rh8 34.Rg4 Rhg8 35.Qb3 Rdf8 36.Rge4 Rg7 37.Qf3 Qf5
38.Qg3 Qd7 39.Qf3 Qf5 40.Qb3  1/2-1/2

[Event "GMA1"]
[Site "Marianske Lazne CZE"]
[Date "2008.01.24"]
[Round "7"]
[White "Meduna,E"]
[Black "Cerveny,P"]
[Result "1-0"]
[WhiteElo "2431"]
[BlackElo "2403"]

1.d4 d5 2.c4 c6 3.Nf3 Nf6 4.Nc3 a6 5.cxd5 cxd5 6.Bf4 Nc6 7.Rc1 Bf5 8.e3 e6
9.Qb3 Bb4 10.Ne5 Qe7 11.a3 Bd6 12.Nxc6 bxc6 13.Bxd6 Qxd6 14.Na4 O-O 15.Be2 e5
16.dxe5 Qxe5 17.O-O d4 18.Bf3 Rab8 19.exd4 Qxd4 20.Qd1 Qh4 21.g3 Qh6 22.Rxc6 Bd7
23.Rd6 Bb5 24.Re1 Rfe8 25.Nc3 Qg5 26.Rxe8+ Rxe8 27.Rd8 g6 28.a4 Bd7 29.Rxd7 Nxd7
30.Qxd7 Qc1+ 31.Kg2 Re1 32.Bd5 Rg1+ 33.Kf3 Kg7 34.Qxf7+ Kh6 35.g4 Qg5  1-0

[Event "ch-Kyiv Men"]
[Site "Kyiv UKR"]
[Date "2008.01.30"]
[Round "10"]
[White "Baryshpolets,A"]
[Black "Kernazhitsky,L"]
[Result "1/2-1/2"]
[WhiteElo "2389"]
[BlackElo "2338"]

1.d4 d5 2.c4 c6 3.Nf3 Nf6 4.Nc3 a6 5.a4 e6 6.g3 dxc4 7.Bg2 c5 8.dxc5 Qxd1+
9.Nxd1 Nc6 10.Be3 Nd5 11.O-O Nxe3 12.Nxe3 Bxc5 13.Nxc4 Ke7 14.Rac1 Rd8 15.Nce5 Nxe5
16.Rxc5 Nxf3+ 17.Bxf3 Rb8 18.a5 b6 19.Rc7+ Kf8 20.axb6 Rxb6 21.Rfc1 Bd7 22.Rd1 Ke8
23.Rd2 a5 24.e3 a4 25.h4 h6 26.Kh2 g6 27.g4 g5 28.Kg3 Bb5 29.Rxd8+ Kxd8 30.Rxf7 Bd7
31.hxg5 hxg5 32.Bd1 Rxb2 33.Rxd7+ Kxd7 34.Bxa4+ Ke7 35.f4 Kf6 36.fxg5+ Kxg5
37.Bd7 e5 38.Kf3 Rb4 39.Bf5 Rc4 40.Be4 Rc1 41.Bf5 Kf6 42.Bd3 Rd1 43.Bc2 Rf1+
44.Kg2 Rc1 45.Bf5 Kg5 46.Kf3 Rf1+ 47.Kg2 Ra1 48.Kf3 Kf6 49.Be4 Ke7 50.Bf5 Kf6
51.Be4 Kg5 52.Bf5 Kh4 53.Ke4 Ra5 54.Be6 Kg5 55.Bd5 Ra3 56.Kxe5 Rxe3+ 57.Kd4 Re1
58.Ba8 Kxg4 59.Kd3 Kf4 60.Bb7 Rd1+ 61.Kc4 Ke5 62.Ba8 Rd8 63.Bh1 Rd4+ 64.Kc3 Rd1
65.Ba8 Kd6 66.Kc4 Ra1 67.Bg2 Ra4+ 68.Kd3 Kc5 69.Bh1 Rd4+ 70.Ke3 Rh4 71.Ba8 Rh8
72.Bg2 Kc4 73.Bf1+ Kd5 74.Bg2+ Ke5 75.Kd3 Rd8+ 76.Kc4 Rd4+ 77.Kc3 Rg4 78.Ba8 Rg1
79.Kd3 Ra1 80.Bg2 Ra4 81.Bh1 Rd4+ 82.Kc3 Rd1 83.Ba8 Kd6 84.Kc4 Rc1+ 85.Kd4 Ra1
86.Bg2 Ra4+ 87.Kd3 Kc5 88.Bh1  1/2-1/2

[Event "4th Open C Women"]
[Site "Moscow RUS"]
[Date "2008.02.03"]
[Round "2"]
[White "Harika,D"]
[Black "Kudriashova,I"]
[Result "1-0"]
[WhiteElo "2455"]
[BlackElo "2192"]

1.Nf3 d5 2.d4 c6 3.c4 Nf6 4.Nc3 a6 5.g3 b5 6.c5 Bf5 7.Nh4 Bg6 8.Bg2 e6 9.O-O Be7
10.Bg5 Nbd7 11.Re1 O-O 12.Nxg6 hxg6 13.f4 a5 14.Qc2 Rc8 15.Rad1 Ng4 16.Bxe7 Qxe7
17.e4 Nxc5 18.h3 Nxe4 19.Nxe4 dxe4 20.hxg4 f5 21.Bxe4 fxe4 22.Qxe4 Rf6 23.g5 Rf5
24.Qxe6+ Qxe6 25.Rxe6 Rd5 26.Re5 Rd6 27.Kf2 Kf7 28.Ke3 Rh8 29.Rd2 Rh1 30.Rc5 Re1+
31.Kf3 Rf1+ 32.Kg4 Re1 33.d5 cxd5 34.Rdxd5 Rde6 35.Rc7+ Kf8 36.Rxb5 R6e3
37.Rb8+ Re8 38.Rbb7 R8e3 39.Rf7+  1-0

[Event "FISS Int"]
[Site "San Cristobal VEN"]
[Date "2008.02.03"]
[Round "8"]
[White "Iturrizaga,E"]
[Black "Gallegos,Ca"]
[Result "1-0"]
[WhiteElo "2470"]
[BlackElo "2430"]

1.d4 d5 2.c4 c6 3.Nc3 Nf6 4.Nf3 a6 5.c5 g6 6.Bf4 Nh5 7.Bd2 Bg7 8.g3 Bg4 9.Ne5 Bxe5
10.dxe5 Nd7 11.h3 Be6 12.Bh6 Rg8 13.Qd4 f6 14.exf6 exf6 15.e4 Qe7 16.Be3 Ne5
17.Bg2 O-O-O 18.exd5 cxd5 19.O-O-O Nc6 20.Qa4 d4 21.Bxd4 Nxd4 22.Rxd4 Qxc5
23.Rhd1 Qc7 24.Qb4 Rxd4 25.Rxd4 Ng7 26.Rd6 Re8 27.Bxb7+  1-0

[Event "4th Open C Women"]
[Site "Moscow RUS"]
[Date "2008.02.04"]
[Round "3"]
[White "Beliaeva,N"]
[Black "Dolgova,O"]
[Result "0-1"]
[WhiteElo "2020"]
[BlackElo "2217"]

1.d4 Nf6 2.Nf3 d5 3.c4 c6 4.Nc3 a6 5.Bg5 dxc4 6.a4 Nd5 7.a5 h6 8.Bh4 b5 9.axb6 Qxb6
10.e4 Qxb2 11.Nxd5 cxd5 12.exd5 Qc3+ 13.Nd2 Qxd4 14.Bg3 Qxd5 15.Be2 Bb7 16.Bxc4 Qxg2
17.Qb3 e6 18.Ke2 Nd7 19.Bxe6 fxe6 20.Qxe6+ Be7 21.Bd6 Qg5 22.Rhg1 Qh5+ 23.Rg4 Qf7
24.Qe3 O-O 25.Bxe7 Rfe8 26.Qxh6 Qxe7+  0-1

[Event "Velammal 45th National A ch-IND"]
[Site "Chennai IND"]
[Date "2008.02.05"]
[Round "3"]
[White "Karthikeyan,P"]
[Black "Ashwin,J"]
[Result "1-0"]
[WhiteElo "2327"]
[BlackElo "2478"]

1.d4 d5 2.c4 c6 3.Nc3 Nf6 4.Nf3 a6 5.e3 b5 6.b3 Bg4 7.Be2 e6 8.O-O Nbd7 9.h3 Bh5
10.Bb2 Be7 11.Ne5 Bxe2 12.Nxe2 Qb6 13.cxd5 cxd5 14.Rc1 Nxe5 15.dxe5 Nd7 16.Nf4 O-O
17.e4 Bg5 18.g3 Bxf4 19.gxf4 Qb7 20.exd5 exd5 21.f5 Rfe8 22.Re1 Nf8 23.Rc3 Rad8
24.Qd4 Qd7 25.Rg3 Qxf5 26.e6 f6 27.Qxf6 Qxf6 28.Bxf6 Rxe6 29.Rxg7+ Kh8 30.Rxe6 Nxe6
31.Rg6+  1-0

[Event "Velammal 45th National A ch-IND"]
[Site "Chennai IND"]
[Date "2008.02.06"]
[Round "4"]
[White "Karthikeyan,P"]
[Black "Mohota,N"]
[Result "1/2-1/2"]
[WhiteElo "2327"]
[BlackElo "2409"]

1.d4 d5 2.c4 c6 3.Nc3 Nf6 4.Nf3 a6 5.e3 e6 6.b3 c5 7.cxd5 cxd4 8.Nxd4 Nxd5
9.Bd2 Nf6 10.Be2 Bc5 11.Rc1 Ba3 12.Rb1 e5 13.Nc2 Bd6 14.e4 Nc6 15.O-O O-O
16.Bg5 h6 17.Bh4 Be7 18.Bxf6  1/2-1/2

[Event "4th Open C Women"]
[Site "Moscow RUS"]
[Date "2008.02.09"]
[Round "8"]
[White "Grabuzova,T"]
[Black "Iljushina,O"]
[Result "1/2-1/2"]
[WhiteElo "2392"]
[BlackElo "2268"]

1.d4 d5 2.c4 c6 3.Nf3 Nf6 4.Nc3 a6 5.c5 g6 6.Bf4 Bg7 7.e3 O-O 8.Be2 Nbd7
9.h4 Ne4 10.h5 e5 11.Nxe5 Nxe5 12.Bxe5 Bxe5 13.dxe5 Nxc5 14.hxg6 hxg6 15.Qd4 Ne6
16.Qg4 Kg7 17.O-O-O Bd7 18.f4 Nd4 19.Qg3 Nf5 20.Qf2 Qb6 21.Bg4 Rh8 22.Bxf5 Bxf5
23.Qf3 Qc5 24.Rxh8 Rxh8 25.g4 Be4 26.Qg3 b5 27.a3 a5 28.Kd2 b4 29.axb4 axb4
30.Nxe4 dxe4 31.f5 Rd8+ 32.Ke1 Rxd1+ 33.Kxd1 b3 34.f6+ Kf8 35.Qh2 Ke8 36.Qh8+ Kd7
37.Qb8 Qc2+ 38.Ke1 Qc1+ 39.Kf2 Qd2+ 40.Kg3 Qxe3+ 41.Kh4 Qf2+ 42.Kh3  1/2-1/2

[Event "4th Open C Women"]
[Site "Moscow RUS"]
[Date "2008.02.09"]
[Round "8"]
[White "Javakhishvili,L"]
[Black "Vasilkova,S"]
[Result "1/2-1/2"]
[WhiteElo "2470"]
[BlackElo "2359"]

1.d4 d5 2.c4 c6 3.Nc3 Nf6 4.Nf3 a6 5.e3 b5 6.b3 Bg4 7.Qc2 e6 8.Ne5 Bf5 9.Bd3 Bxd3
10.Qxd3 Be7 11.O-O O-O 12.f4 Qc7 13.Bd2 Nbd7 14.Be1 b4 15.Na4 c5 16.Rc1 cxd4
17.Nxd7 Nxd7 18.exd4 dxc4 19.Rxc4 Qb7 20.Nc5 Nxc5 21.dxc5 Rfd8 22.Qf3 Qxf3
23.Rxf3 a5 24.Rf1 Rac8 25.Bf2 Rc6 26.Rfc1 Rd2 27.R4c2 Rd5 28.Be3 g5 29.g3 Kg7
30.Kf2 Kg6 31.Ke2 gxf4 32.gxf4 Bf8 33.Rd1 Rxd1 34.Kxd1 Kf5 35.Ke2 e5 36.Kd3 exf4
37.Bd4 f3 38.Rc1 h5 39.Kc4 Rc8 40.Kb5 Ke4 41.Bg1 Kd3 42.c6 Ke2 43.Rc2+ Kd3
44.Rc4 Bh6 45.Rc5 Be3 46.Bxe3 Kxe3 47.Rxh5 Kf4 48.Rh4+ Ke3 49.Rh5 Kf4  1/2-1/2

[Event "Velammal 45th National A ch-IND"]
[Site "Chennai IND"]
[Date "2008.02.10"]
[Round "8"]
[White "Lalith,B"]
[Black "Shetty,R"]
[Result "1/2-1/2"]
[WhiteElo "2299"]
[BlackElo "2320"]

1.Nf3 d5 2.d4 Nf6 3.c4 c6 4.Nc3 a6 5.c5 Bf5 6.Bf4 Nbd7 7.e3 g6 8.h3 Bg7 9.Be2 Be4
10.Qb3 Bxf3 11.Bxf3 Ra7 12.O-O O-O 13.Rad1 Re8 14.Qc2 Ra8 15.b4 a5 16.b5 e5
17.Bg3 exd4 18.exd4 Nf8 19.Qa4 Qc8 20.bxc6 bxc6 21.Rb1 Ne6 22.Rb6 Nxd4 23.Qxd4 Ne4
24.Qa4 Nxc3 25.Qxc6 Qxc6 26.Rxc6 Rac8 27.Rc7 Bd4 28.c6 Rxc7 29.Bxc7 Rc8 30.Bxa5 Rxc6
31.Bxc3 Rxc3 32.Bxd5 Rc2 33.g3 Kg7 34.Kg2 h5 35.h4 f5 36.a4 Kf6 37.Bb3 Rb2
38.Bc4 Rc2 39.Bb5 Ra2 40.Kf3 Ra3+ 41.Kg2 Ra2  1/2-1/2

[Event "FSIMB February"]
[Site "Budapest HUN"]
[Date "2008.02.11"]
[Round "10"]
[White "Perez Aleman,P"]
[Black "Adams,N"]
[Result "1-0"]
[WhiteElo "2141"]
[BlackElo "2245"]

1.Nf3 Nf6 2.c4 c6 3.Nc3 d5 4.d4 a6 5.c5 Nbd7 6.Bf4 Nh5 7.e3 g6 8.Bg5 h6 9.Bh4 g5
10.Bg3 Nxg3 11.hxg3 Bg7 12.Bd3 e5 13.Bf5 exd4 14.exd4 O-O 15.g4 Re8+ 16.Kf1 Nf6
17.Ne5 Nd7 18.Nxd7 Bxd7 19.Bc2 Qf6 20.Qd3 Bxg4 21.f3 Bd7 22.Rd1 g4 23.Ne2 Re4
24.Ng3 gxf3 25.Nxe4 fxg2+ 26.Kxg2 dxe4 27.Qg3 Re8 28.Rhf1 Qg5 29.Bb3 Be6
30.Bxe6 Rxe6 31.Qxg5 hxg5 32.d5 cxd5 33.Rxd5 Bxb2 34.Rxg5+ Kf8 35.Kf2 Rf6+
36.Ke2 Rh6 37.Rd5 Rh2+ 38.Kd1 Bc3 39.Rf4 e3 40.Re4 Bd2 41.a4 Rh1+ 42.Kc2 Kg7
43.Kd3  1-0

[Event "TCh-BEL 2007-8"]
[Site "Belgium BEL"]
[Date "2008.02.17"]
[Round "9"]
[White "Rau,H"]
[Black "Abergel,T"]
[Result "0-1"]
[WhiteElo "2428"]
[BlackElo "2517"]

1.d4 d5 2.c4 c6 3.Nf3 Nf6 4.Nc3 a6 5.a4 e6 6.Bg5 h6 7.Bh4 dxc4 8.e3 b5 9.Bxf6 gxf6
10.axb5 cxb5 11.Nxb5 axb5 12.Rxa8 Bb4+ 13.Nd2 Bb7 14.Ra7 Qb6 15.Ra1 e5 16.d5 Bxd5
17.Be2 Bxg2 18.Rg1 Ke7 19.Rxg2 Rd8 20.Kf1 Rxd2 21.Qb1 Qb7 22.Bh5 Rd3 23.Kg1 Nc6
24.Be2 e4 25.Bxd3 exd3 26.f4 Qb6 27.Rg3 Na5 28.Qf1 Nb3 29.Rd1 Nc5 30.Qf3 f5
31.Qd5 Qe6 32.Qxe6+ Kxe6 33.Rh3 Na4 34.Rxh6+ f6 35.Kf2 Nxb2 36.Ra1 d2 37.Ke2 c3
38.Rh7 Ba5 39.e4 c2 40.exf5+ Kd6  0-1

[Event "67th ch-GEO KO"]
[Site "Tbilisi GEO"]
[Date "2008.02.17"]
[Round "1.3"]
[White "Jojua,D"]
[Black "Zarkua,D"]
[Result "1-0"]
[WhiteElo "2463"]
[BlackElo "2377"]

1.d4 d5 2.c4 c6 3.Nf3 Nf6 4.Nc3 a6 5.e3 g6 6.a4 Bg7 7.Be2 O-O 8.O-O Bf5 9.Qb3 Ra7
10.a5 dxc4 11.Bxc4 Nbd7 12.Ng5 e6 13.e4 Bg4 14.h3 Bh5 15.e5 Nd5 16.g4 Bxe5
17.dxe5 Nxe5 18.gxh5 h6 19.Bxd5 exd5 20.f4 Nc4 21.Nf3 Re8 22.Qc2 Qd7 23.b3 Nd6
24.Qg2 Kh7 25.Kh1 Rg8 26.Ne5 Qe6 27.hxg6+ fxg6 28.Ba3 Nf5 29.Rae1 d4 30.Ng4 Qxb3
31.Nf6+ Kg7 32.Nxg8 Qxc3 33.Bb2  1-0

[Event "6th Festival Gp B"]
[Site "Nancy FRA"]
[Date "2008.02.19"]
[Round "3"]
[White "Gladyszev,O"]
[Black "Delorme,Ax"]
[Result "1-0"]
[WhiteElo "2485"]
[BlackElo "2366"]

1.d4 d5 2.c4 c6 3.Nf3 Nf6 4.Nc3 a6 5.c5 Bf5 6.Qb3 Ra7 7.Bf4 Nbd7 8.h3 g6
9.e3 Bg7 10.Be2 Ne4 11.O-O O-O 12.Nxe4 Bxe4 13.Ne5 Nxe5 14.Bxe5 f6 15.Bg3 Qd7
16.Rad1 Kh8 17.Rfe1 Raa8 18.Bf1 Rad8 19.Qb6 Rfe8 20.f3 Bf5 21.e4 dxe4 22.fxe4 Be6
23.b3 f5 24.exf5 gxf5 25.Bc7 Rc8 26.Be5 Bd5 27.Bxg7+ Kxg7 28.Qb4 Rg8 29.Bc4 Kh8
30.Bxd5  1-0

[Event "Breizh Masters A"]
[Site "Guingamp FRA"]
[Date "2008.02.25"]
[Round "4"]
[White "Vernay,C"]
[Black "Terrieux,K"]
[Result "1-0"]
[WhiteElo "2391"]
[BlackElo "2363"]

1.d4 d5 2.c4 c6 3.Nf3 Nf6 4.Nc3 a6 5.c5 Bf5 6.Bf4 Nbd7 7.e3 Nh5 8.Bd3 Bxd3
9.Qxd3 Nxf4 10.exf4 g6 11.h4 Bg7 12.h5 b6 13.cxb6 Qxb6 14.O-O-O e6 15.hxg6 hxg6
16.Rxh8+ Bxh8 17.Rh1 Bf6 18.Ne5 c5 19.Nxd7 Kxd7 20.Na4 Qb4 21.Nxc5+ Kd6 22.Rd1 Bxd4
23.Ne4+ dxe4 24.Qxd4+ Qxd4 25.Rxd4+ Kc5 26.Rxe4 Rh8 27.g3 Rh2 28.Re2 Rg2
29.Kc2 Kc4 30.b3+ Kd4 31.Rd2+ Kc5 32.Kb2 f6 33.Rc2+ Kd5 34.b4 e5 35.fxe5 fxe5
36.a4 e4 37.b5 axb5 38.axb5 Rh2 39.b6 Rh8 40.b7 Rb8 41.Rc7 e3 42.fxe3 Ke4
43.Re7+ Kf3 44.Kb3 Kxg3 45.Rf7  1-0

[Event "25th Festival Open A"]
[Site "Bled SLO"]
[Date "2008.02.26"]
[Round "5"]
[White "Romanishin,O"]
[Black "Dimitrov,Pa"]
[Result "1/2-1/2"]
[WhiteElo "2528"]
[BlackElo "2448"]

1.d4 Nf6 2.Nf3 d5 3.c4 c6 4.Nc3 a6 5.g3 g6 6.Bg2 Bg7 7.cxd5 cxd5 8.Ne5 O-O
9.O-O Nc6 10.Nxc6 bxc6 11.Bf4 Bf5 12.Rc1 Rc8 13.Na4 Nd7 14.b3 Re8 15.Qd2 e5
16.dxe5 Bxe5 17.Bxe5 Rxe5 18.e3 Qe7 19.Qe2 d4 20.Qxa6 Nb8 21.Qe2 dxe3 22.Rfe1 exf2+
23.Qxf2 Nd7 24.Rxe5 Nxe5 25.Qc5 Qf6 26.Rf1  1/2-1/2

[Event "Breizh Masters B"]
[Site "Guingamp FRA"]
[Date "2008.02.26"]
[Round "5"]
[White "Koziak,V"]
[Black "Jolly,J"]
[Result "0-1"]
[WhiteElo "2481"]
[BlackElo "2290"]

1.d4 d5 2.c4 c6 3.Nc3 Nf6 4.Nf3 a6 5.Bg5 dxc4 6.e4 b5 7.e5 h6 8.Bh4 Nd5 9.Nd2 Qa5
10.Qf3 g5 11.Bg3 g4 12.Qe4 Nxc3 13.bxc3 Qxc3 14.Rd1 Be6 15.Be2 h5 16.O-O Bd5
17.Qb1 Nd7 18.Ne4 Qa3 19.f3 b4 20.Kh1 c3 21.fxg4 h4 22.Bf4 a5 23.e6 fxe6
24.Ng5 Rg8 25.Qh7 Nf6 26.Qxh4 Qxa2 27.Rde1 b3 28.Bf3 b2 29.Nxe6 c2 30.g5 Bxf3
31.gxf3 b1=Q 32.Nc7+ Kd8 33.gxf6 c1=Q 34.fxe7+ Bxe7 35.Qxe7+ Kc8 36.Bg3 Qc1c2
37.Rg1 Qb1b2 38.Bf2 Qxf2  0-1

[Event "Breizh Masters A"]
[Site "Guingamp FRA"]
[Date "2008.02.26"]
[Round "5"]
[White "Eliet,N"]
[Black "Dumitrache,D"]
[Result "1/2-1/2"]
[WhiteElo "2453"]
[BlackElo "2495"]

1.d4 d5 2.c4 c6 3.Nf3 Nf6 4.Nc3 a6 5.Ne5 Nbd7 6.Bf4 dxc4 7.Nxc4 b5 8.Ne5 Bb7
9.e3 e6 10.Qf3 Nd5 11.Nxd5 Nxe5 12.Bxe5 Qxd5 13.Qxd5 cxd5 14.Bd3 f6 15.Bg3 Kd7
16.Ke2 Bd6 17.Bxd6 Kxd6 18.Rhc1 Rhc8 19.Rxc8 Rxc8 20.Kd2 h6 21.Rc1 Rxc1  1/2-1/2

[Event "TCh-BEL 2007-8"]
[Site "Belgium BEL"]
[Date "2008.03.02"]
[Round "10"]
[White "Mohandesi,S"]
[Black "Lemmers,O"]
[Result "1-0"]
[WhiteElo "2323"]
[BlackElo "2386"]

1.d4 d5 2.c4 c6 3.Nf3 Nf6 4.Nc3 a6 5.c5 Nbd7 6.Bf4 Nh5 7.g3 Nxf4 8.gxf4 g6
9.e3 Bg7 10.Bd3 Nf6 11.Qc2 Bg4 12.Ne5 Qc8 13.Rg1 Bh5 14.Na4 Qh3 15.f3 Ne4
16.Bxe4 dxe4 17.Rg3 Qh4 18.fxe4 f6 19.Nc4 O-O 20.Qf2 e5 21.Kd2 Kh8 22.Rag1 f5
23.dxe5 fxe4 24.Kc2 Qe7 25.Qd2 Qe6 26.b3 Rfd8 27.Nd6 Bf8 28.Nb6 Rab8 29.Qc3 Be7
30.Qc4 Qxc4+ 31.Nbxc4 Rf8 32.Nxe4  1-0

[Event "Open"]
[Site "Blackpool ENG"]
[Date "2008.03.07"]
[Round "1"]
[White "Merriman,J"]
[Black "Duke,M"]
[Result "1-0"]
[WhiteElo "2262"]
[BlackElo "2088"]

1.d4 d5 2.c4 c6 3.Nf3 Nf6 4.Nc3 a6 5.cxd5 cxd5 6.g3 g6 7.Bg2 Bg7 8.O-O O-O
9.Ne5 Nc6 10.Bf4 Be6 11.Nxc6 bxc6 12.Rc1 Rb8 13.Be3 Bd7 14.Na4 Bh3 15.Bf3 Rc8
16.Re1 e5 17.Nc5 Qd7 18.Nd3 Rfe8 19.b4 Bf5 20.a3 Qa7 21.Nc5 Ra8 22.Qb3 Rab8
23.a4 Bf8 24.Qa3 Qb6 25.Nb3 Bg7 26.Kg2 Rec8 27.Rc5 h6 28.b5 axb5 29.axb5 Rd8
30.Rxd5 Rd6 31.Rxd6 Kh7 32.Rd5 Rc8 33.h4 Rb8  1-0

[Event "FSIM March"]
[Site "Budapest HUN"]
[Date "2008.03.08"]
[Round "7"]
[White "Porat,Ma"]
[Black "Duong The Anh"]
[Result "0-1"]
[WhiteElo "2190"]
[BlackElo "2381"]

1.d4 d5 2.c4 c6 3.Nf3 Nf6 4.Nc3 a6 5.c5 Nbd7 6.Bf4 Nh5 7.Bg5 h6 8.Bh4 g5
9.Bg3 Nxg3 10.hxg3 Bg7 11.e4 dxe4 12.Nxe4 Qa5+ 13.Qd2 Qxd2+ 14.Kxd2 g4 15.Nh4 Bxd4
16.Rc1 Ne5 17.f4 gxf3 18.gxf3 Be6 19.Bh3 Bxa2 20.Kc2 Bc4 21.Rcd1 Rd8 22.Rhe1 Bd3+
23.Kb3 Bc4+ 24.Kc2 O-O 25.Nd2 Bd3+ 26.Kb3 Ng6 27.Nxg6 Bxg6 28.Rxe7 Bxc5 29.Rxb7 Rd3+
30.Kc4 Be3 31.Nf1 Rxd1 32.Nxe3 Rc1+ 33.Kb4 Rd8 34.Bd7 Kg7 35.Nc4 h5 36.f4 Be4
37.Rc7 Rb8+ 38.Kc5 Bd5 39.b3 Rxb3 40.Be6  0-1